000 04231nam a22004337a 4500
005 20090817134939.0
010 _aHIN-87752
020 _a9788180312953
_c250.00
035 _aHN-60098
035 _aB-401674-686
037 _bDBAD / PUB
037 _bलोकभारती/ PUB
082 _a821
245 _aधूमिल की श्रेष्ठ कविताएँ /
_cब्रह्मदेव मिश्र एवं शिवकुमार मिश्र द्वारा संपादित
246 _aDhumil ki shreshtha kavitaen
_bedited by Brahmdev Mishra and Shivkumar Mishra
260 _aइलाहाबाद
_bलोकभारती प्रकाशन
_c2009
270 _aपहली मंजिल, दरबारी बिल्डिंग, महात्मा गांधी मार्ग
_bइलाहाबाद
_e211001
_minfo@lokbharatiprakashan.com
300 _a183पृ.
_c22सेमी (सजिल्द)
650 _aहिन्दी कविता
_9697
650 _aHindi poetry
_9698
700 _aमिश्र, ब्रह्मदेव
_914464
700 _aमिश्र, शिवकुमार
_914465
942 _2ddc
_cHN
_mधूमिल
_h821
999 _c29229
_d29229